Every UK official number one single. 1952-1979 - Statistics

General Stats
  • This quiz has been taken 7 times
  • The average score is 78 of 472
Answer Stats
Hint Answer % Correct
106 The Shadows "Apache" 25 August 1960 5
67%
294 Dave Edmunds "I Hear You Knocking" 28 November 1970 6
67%
232 Sandie Shaw "Puppet on a String" 27 April 1967 3
67%
305 Rod Stewart "Reason to Believe" / "Maggie May" 9 October 1971 5
67%
352 Charles Aznavour "She" 29 June 1974 4
67%
310 Chicory Tip "Son of My Father" 19 February 1972 3
67%
148 Cliff Richard and the Shadows "Summer Holiday" 14 March 1963 2
67%
re Cliff Richard and the Shadows "Summer Holiday" 4 April 1963 1
67%
348 ABBA "Waterloo" 4 May 1974 2
67%
284 Dana "All Kinds of Everything" 18 April 1970 2
50%
291 Freda Payne "Band of Gold" 19 September 1970 6
50%
283 Simon & Garfunkel "Bridge over Troubled Water" 28 March 1970 3
50%
101 The Everly Brothers "Cathy's Clown" 5 May 1960 7
50%
344 Suzi Quatro "Devil Gate Drive" 23 February 1974 2
50%
163 The Bachelors "Diane" 20 February 1964 1
50%
307 Benny Hill "Ernie (The Fastest Milkman in the West)" 11 December 1971 4
50%
66 Jerry Lee Lewis "Great Balls of Fire" 10 January 1958 2
50%
200 The Beatles "Help!" 5 August 1965 3
50%
258 The Beatles "Hey Jude" † 11 September 1968 2
50%
367 Telly Savalas "If" 8 March 1975 2
50%
372 10cc "I'm Not in Love" 28 June 1975 2
50%
303 Diana Ross "I'm Still Waiting" 21 August 1971 4
50%
356 Carl Douglas "Kung Fu Fighting" 21 September 1974 3
50%
262 The Scaffold "Lily the Pink" 11 December 1968 3
50%
re The Scaffold "Lily the Pink" 8 January 1969 1
50%
65 Harry Belafonte "Mary's Boy Child" 22 November 1957 7
50%
296 George Harrison "My Sweet Lord" † 30 January 1971 5
50%
316 Donny Osmond "Puppy Love" 8 July 1972 5
50%
377 Rod Stewart "Sailing" 6 September 1975 4
50%
216 Frank Sinatra "Strangers in the Night" 2 June 1966 3
50%
279 The Archies "Sugar, Sugar" † 19 October 1969 8
50%
204 Ken Dodd "Tears" † 30 September 1965 5
50%
107 Ricky Valance "Tell Laura I Love Her" 29 September 1960 3
50%
141 The Tornados "Telstar" 4 October 1962 5
50%
314 Don McLean "Vincent" 17 June 1972 2
50%
334 Peters and Lee "Welcome Home" 21 July 1973 1
50%
74 The Kalin Twins "When" 22 August 1958 5
50%
311 Nilsson "Without You" 11 March 1972 5
50%
287 Christie "Yellow River" 6 June 1970 1
50%
318 Rod Stewart "You Wear It Well" 2 September 1972 1
50%
174 The Beatles "A Hard Day's Night" 23 July 1964 3
33%
164 Cilla Black "Anyone Who Had a Heart" 27 February 1964 3
33%
234 Procol Harum "A Whiter Shade of Pale" 8 June 1967 6
33%
167 Peter and Gordon "A World Without Love" 23 April 1964 2
33%
375 Typically Tropical "Barbados" 9 August 1975 1
33%
325 The Sweet "Blockbuster!" 27 January 1973 5
33%
116 The Marcels "Blue Moon" 4 May 1961 2
33%
368 Bay City Rollers "Bye Bye Baby" † 22 March 1975 6
33%
166 The Beatles "Can't Buy Me Love" † 2 April 1964 3
33%
331 Suzi Quatro "Can the Can" 16 June 1973 1
33%
301 Middle of the Road "Chirpy Chirpy Cheep Cheep" 19 June 1971 5
33%
40 Dickie Valentine "Christmas Alphabet" 16 December 1955 3
33%
322 Gilbert O'Sullivan "Clair" 11 November 1972 2
33%
137 Mike Sarne with Wendy Richard "Come Outside" 28 June 1962 2
33%
191 Unit 4 + 2 "Concrete and Clay" 8 April 1965 1
33%
146 Jet Harris and Tony Meehan "Diamonds" 31 January 1963 3
33%
63 Paul Anka "Diana" † 30 August 1957 9
33%
338 Simon Park Orchestra "Eye Level" 29 September 1973 4
33%
270 The Beatles with Billy Preston "Get Back" 23 April 1969 6
33%
328 Gilbert O'Sullivan "Get Down" 7 April 1973 2
33%
185 The Moody Blues "Go Now" 28 January 1965 1
33%
226 The Beach Boys "Good Vibrations" 17 November 1966 2
33%
295 Clive Dunn "Grandad" 9 January 1971 3
33%
1 Al Martino "Here in My Heart" 14 November 1952 9
33%
298 T. Rex "Hot Love" 20 March 1971 6
33%
8 Lita Roza "(How Much Is) That Doggie in the Window?" 17 April 1953 1
33%
9 Frankie Laine "I Believe" † 24 April 1953 9
33%
re Frankie Laine "I Believe" † 3 July 1953 6
33%
re Frankie Laine "I Believe" † 21 August 1953 3
33%
110 Cliff Richard and the Shadows "I Love You" 29 December 1960 2
33%
275 Zager and Evans "In the Year 2525" 24 August 1969 3
33%
139 Frank Ifield "I Remember You" † 26 July 1962 7
33%
173 The Rolling Stones "It's All Over Now" 16 July 1964 1
33%
160 The Beatles "I Want to Hold Your Hand" 12 December 1963 5
33%
67 Elvis Presley "Jailhouse Rock" † 24 January 1958 3
33%
365 Pilot "January" 1 February 1975 3
33%
208 The Spencer Davis Group "Keep On Running" 20 January 1966 1
33%
300 Dawn "Knock Three Times" 15 May 1971 5
33%
324 Little Jimmy Osmond "Long Haired Lover from Liverpool" 23 December 1972 5
33%
196 Sandie Shaw "Long Live Love" 27 May 1965 3
33%
281 Edison Lighthouse "Love Grows (Where My Rosemary Goes)" 31 January 1970 5
33%
69 Perry Como "Magic Moments" 28 February 1958 8
33%
313 T. Rex "Metal Guru" 20 May 1972 4
33%
131 Danny Williams "Moon River" 28 December 1961 2
33%
321 Lieutenant Pigeon "Mouldy Old Dough" 14 October 1972 4
33%
323 Chuck Berry "My Ding-a-Ling" 25 November 1972 4
33%
369 Mud "Oh Boy" 3 May 1975 2
33%
217 The Beatles "Paperback Writer" 23 June 1966 2
33%
111 Johnny Tillotson "Poetry in Motion" 12 January 1961 2
33%
97 Adam Faith "Poor Me" 3 March 1960 2
33%
39 Bill Haley & His Comets "Rock Around the Clock" ‡ 25 November 1955 3
33%
re Bill Haley & His Comets "Rock Around the Clock" ‡ 6 January 1956 2
33%
387 Brotherhood of Man "Save Your Kisses for Me" † 27 March 1976 6
33%
317 Alice Cooper "School's Out" 12 August 1972 3
33%
330 Wizzard "See My Baby Jive" 19 May 1973 4
33%
157 The Beatles "She Loves You" ‡ 12 September 1963 4
33%
re The Beatles "She Loves You" ‡ 28 November 1963 2
33%
53 Guy Mitchell "Singing the Blues" 4 January 1957 1
33%
54 Tommy Steele "Singing the Blues" 11 January 1957 1
33%
re Guy Mitchell "Singing the Blues" 18 January 1957 1
33%
re Guy Mitchell "Singing the Blues" 1 February 1957 1[nb 6]
33%
41 Tennessee Ernie Ford "Sixteen Tons" 20 January 1956 4
33%
285 Norman Greenbaum "Spirit in the Sky" 2 May 1970 2
33%
349 The Rubettes "Sugar Baby Love" 18 May 1974 4
33%
64 The Crickets "That'll Be the Day" 1 November 1957 3
33%
290 Smokey Robinson and the Miracles "The Tears of a Clown" 12 September 1970 1
33%
132 Cliff Richard and the Shadows "The Young Ones" 11 January 1962 6
33%
114 The Everly Brothers "Walk Right Back" / "Ebony Eyes" 2 March 1961 3
33%
249 Louis Armstrong "What a Wonderful World" 24 April 1968 4
33%
354 The Three Degrees "When Will I See You Again" 17 August 1974 2
33%
267 Peter Sarstedt "Where Do You Go To (My Lovely)?" 26 February 1969 4
33%
371 Windsor Davies and Don Estelle "Whispering Grass" 7 June 1975 3
33%
96 Anthony Newley "Why" 5 February 1960 4
33%
134 The Shadows "Wonderful Land" 22 March 1962 8
33%
115 Elvis Presley "Wooden Heart" † 23 March 1961 6
33%
292 Matthews Southern Comfort "Woodstock" 31 October 1970 3
33%
431 Village People "Y.M.C.A." 6 January 1979 3
33%
56 Tab Hunter "Young Love" 22 February 1957 7
33%
336 Donny Osmond "Young Love" 25 August 1973 4
33%
170 Cilla Black "You're My World" 28 May 1964 4
33%
264 Fleetwood Mac "Albatross" 29 January 1969 1
17%
73 The Everly Brothers "All I Have to Do Is Dream" / "Claudette" 4 July 1958 7[nb 7]
17%
62 Elvis Presley "All Shook Up" 12 July 1957 7
17%
351 Gary Glitter "Always Yours" 22 June 1974 1
17%
312 Royal Scots Dragoon Guards "Amazing Grace" † 15 April 1972 5
17%
337 Wizzard "Angel Fingers" 22 September 1973 1
17%
410 Brotherhood of Man "Angelo" 20 August 1977 1
17%
357 John Denver "Annie's Song" 12 October 1974 1
17%
14 David Whitfield "Answer Me" 6 November 1953 1
17%
15 Frankie Laine "Answer Me" 13 November 1953 8[nb 5]
17%
re David Whitfield "Answer Me" 11 December 1953 1[nb 5]
17%
297 Mungo Jerry "Baby Jump" 6 March 1971 2
17%
286 England World Cup Squad "Back Home" 16 May 1970 3
17%
156 Billy J. Kramer and the Dakotas "Bad to Me" 22 August 1963 3
17%
346 Paper Lace "Billy Don't Be a Hero" 16 March 1974 3
17%
382 Queen "Bohemian Rhapsody" 29 November 1975 9
17%
436 Art Garfunkel "Bright Eyes" † 14 April 1979 6
17%
59 Andy Williams "Butterfly" 24 May 1957 2
17%
20 David Whitfield with Mantovani and his Orchestra "Cara Mia" 2 July 1954 10
17%
442 Gary Numan "Cars" 22 September 1979 1
17%
390 The Wurzels "Combine Harvester" 12 June 1976 2
17%
3 Kay Starr "Comes A-Long A-Love" 23 January 1953 1
17%
248 Cliff Richard "Congratulations" 10 April 1968 2
17%
197 Elvis Presley "Crying in the Chapel" 17 June 1965 1
17%
re Elvis Presley "Crying in the Chapel" 1 July 1965 1
17%
326 Slade "Cum On Feel the Noize" 3 March 1973 4
17%
339 David Cassidy "Daydreamer" / "The Puppy Song" 27 October 1973 3
17%
385 The Four Seasons "December, 1963 (Oh, What a Night)" 21 February 1976 2
17%
381 Billy Connolly "D.I.V.O.R.C.E." 22 November 1975 1
17%
271 Tommy Roe "Dizzy" 4 June 1969 1
17%
400 Julie Covington "Don't Cry for Me Argentina" 12 February 1977 1
17%
399 David Soul "Don't Give Up on Us" 15 January 1977 4
17%
393 Elton John and Kiki Dee "Don't Go Breaking My Heart" 24 July 1976 6
17%
299 Dave and Ansell Collins "Double Barrel" 1 May 1971 2
17%
175 Manfred Mann "Do Wah Diddy Diddy" 13 August 1964 2
17%
363 Status Quo "Down Down" 18 January 1975 1
17%
359 Ken Boothe "Everything I Own" 26 October 1974 3
17%
388 ABBA "Fernando" 8 May 1976 4
17%
255 The Crazy World of Arthur Brown "Fire" 14 August 1968 1
17%
411 The Floaters "Float On" 27 August 1977 1
17%
149 The Shadows "Foot Tapper" 28 March 1963 1
17%
384 Slik "Forever and Ever" 14 February 1976 1
17%
404 Deniece Williams "Free" 7 May 1977 2
17%
302 T. Rex "Get It On" 24 July 1971 4
17%
374 Bay City Rollers "Give a Little Love" 19 July 1975 3
17%
161 The Dave Clark Five "Glad All Over" 16 January 1964 2
17%
360 David Essex "Gonna Make You a Star" 16 November 1974 3
17%
103 Jimmy Jones "Good Timin'" 7 July 1960 3
17%
227 Tom Jones "Green, Green Grass of Home" † 1 December 1966 7
17%
176 The Honeycombs "Have I the Right?" 27 August 1964 2
17%
433 Blondie "Heart of Glass" 3 February 1979 4
17%
241 The Beatles "Hello, Goodbye" 6 December 1967 7
17%
90 Jerry Keller "Here Comes Summer" 9 October 1959 1
17%
304 The Tams "Hey Girl Don't Bother Me" 18 September 1971 3
17%
432 Ian Dury and the Blockheads "Hit Me with Your Rhythm Stick" 27 January 1979 1
17%
378 David Essex "Hold Me Close" 4 October 1975 3
17%
274 The Rolling Stones "Honky Tonk Women" 23 July 1969 5
17%
77 Lord Rockingham's XI "Hoots Mon" 28 November 1958 3
17%
320 David Cassidy "How Can I Be Sure" 30 September 1972 2
17%
150 Gerry and the Pacemakers "How Do You Do It?" 11 April 1963 3
17%
440 The Boomtown Rats "I Don't Like Mondays" 28 July 1979 4
17%
183 The Beatles "I Feel Fine" 10 December 1964 5
17%
409 Donna Summer "I Feel Love" 23 July 1977 4
17%
268 Marvin Gaye "I Heard It Through the Grapevine" 26 March 1969 3
17%
47 Pat Boone "I'll Be Home" † 15 June 1956 5
17%
340 Gary Glitter "I Love You Love Me Love" 17 November 1973 4
17%
228 The Monkees "I'm a Believer" 19 January 1967 4
17%
178 Herman's Hermits "I'm Into Something Good" 24 September 1964 2
17%
335 Gary Glitter "I'm the Leader of the Gang (I Am)" 28 July 1973 4
17%
379 Art Garfunkel "I Only Have Eyes for You" 25 October 1975 2
17%
84 Buddy Holly "It Doesn't Matter Anymore" 24 April 1959 3
17%
189 Tom Jones "It's Not Unusual" 11 March 1965 1
17%
109 Elvis Presley "It's Now or Never" † 3 November 1960 8
17%
78 Conway Twitty "It's Only Make Believe" 19 December 1958 5
17%
171 Roy Orbison "It's Over" 25 June 1964 2
17%
345 Alvin Stardust "Jealous Mind" 9 March 1974 1
17%
124 John Leyton "Johnny Remember Me" 31 August 1961 3
17%
re John Leyton "Johnny Remember Me" 28 September 1961 1
17%
52 Johnnie Ray "Just Walking in the Rain" 16 November 1956 7
17%
126 The Shadows "Kon-Tiki" 5 October 1961 1
17%
26 Winifred Atwell "Let's Have Another Party" 3 December 1954 5
17%
165 Billy J. Kramer and the Dakotas "Little Children" 19 March 1964 2
17%
88 Cliff Richard and the Drifters "Living Doll" † 31 July 1959 6
17%
362 Mud "Lonely This Christmas" 21 December 1974 4
17%
355 The Osmonds "Love Me for a Reason" 31 August 1974 3
17%
142 Frank Ifield "Lovesick Blues" 8 November 1962 5
17%
91 Bobby Darin "Mack the Knife" 16 October 1959 2
17%
319 Slade "Mama Weer All Crazee Now" 9 September 1972 3
17%
28 Rosemary Clooney "Mambo Italiano" 14 January 1955 1
17%
re Rosemary Clooney "Mambo Italiano" 4 February 1955 2
17%
383 ABBA "Mamma Mia" 31 January 1976 2
17%
42 Dean Martin "Memories Are Made of This" 17 February 1956 4
17%
341 Slade "Merry Xmas Everybody" 15 December 1973 5
17%
127 The Highwaymen "Michael" 12 October 1961 1
17%
209 The Overlanders "Michelle" 27 January 1966 3
17%
244 Manfred Mann "Mighty Quinn" 14 February 1968 2
17%
395 Pussycat "Mississippi" 16 October 1976 4
17%
254 Tommy James and the Shondells "Mony Mony" 31 July 1968 2
17%
re Tommy James and the Shondells "Mony Mony" 21 August 1968 1
17%
364 The Tymes "Ms Grace" 25 January 1975 1
17%
99 Lonnie Donegan "My Old Man's a Dustman" 31 March 1960 4
17%
24 Vera Lynn "My Son, My Son" 5 November 1954 2
17%
162 The Searchers "Needles and Pins" 30 January 1964 3
17%
135 B. Bumble and the Stingers "Nut Rocker" 17 May 1962 1
17%
16 Eddie Calvert "Oh Mein Papa" 8 January 1954 9
17%
179 Roy Orbison "Oh, Pretty Woman" 8 October 1964 2
17%
re Roy Orbison "Oh, Pretty Woman" 12 November 1964 1
17%
445 Lena Martell "One Day at a Time" 27 October 1979 3
17%
108 Roy Orbison "Only the Lonely" 20 October 1960 2
17%
215 The Rolling Stones "Paint It Black" 26 May 1966 1
17%
428 The Boomtown Rats "Rat Trap" 18 November 1978 2
17%
125 Shirley Bassey "Reach for the Stars" / "Climb Ev'ry Mountain" 21 September 1961 1
17%
225 Four Tops "Reach Out I'll Be There" 27 October 1966 3
17%
143 Elvis Presley "Return to Sender" 13 December 1962 3
17%
423 Boney M. "Rivers of Babylon" / "Brown Girl in the Ring" † 13 May 1978 5
17%
353 George McCrae "Rock Your Baby" 27 July 1974 3
17%
86 Russ Conway "Roulette" 19 June 1959 2
17%
332 10cc "Rubber Bullets" 23 June 1973 1
17%
120 Del Shannon "Runaway" 29 June 1961 3
17%
98 Johnny Preston "Running Bear" 17 March 1960 2
17%
358 Sweet Sensation "Sad Sweet Dreamer" 19 October 1974 1
17%
113 Petula Clark "Sailor" 23 February 1961 1
17%
347 Terry Jacks "Seasons in the Sun" 6 April 1974 4
17%
18 Doris Day "Secret Love" † 16 April 1954 1
17%
re Doris Day "Secret Love" † 7 May 1954 8
17%
105 Johnny Kidd and the Pirates "Shakin' All Over" 4 August 1960 1
17%
83 Russ Conway "Side Saddle" 27 March 1959 4
17%
413 David Soul "Silver Lady" 8 October 1977 3
17%
29 Ruby Murray "Softly, Softly" 18 February 1955 3
17%
231 Frank and Nancy Sinatra "Somethin' Stupid" 13 April 1967 2
17%
380 David Bowie "Space Oddity" 8 November 1975 2
17%
370 Tammy Wynette "Stand by Your Man" 17 May 1975 3
17%
218 The Kinks "Sunny Afternoon" 7 July 1966 2
17%
315 Slade "Take Me Bak 'Ome" 1 July 1972 1
17%
373 Johnny Nash "Tears on My Pillow" 12 July 1975 1
17%
309 T. Rex "Telegram Sam" 5 February 1972 2
17%
272 The Beatles "The Ballad of John and Yoko" 11 June 1969 3
17%
206 The Seekers "The Carnival Is Over" 25 November 1965 3
17%
55 Frankie Vaughan "The Garden of Eden" 25 January 1957 4[nb 6]
17%
172 The Animals "The House of the Rising Sun" 9 July 1964 1
17%
190 The Rolling Stones "The Last Time" 18 March 1965 3
17%
246 Dave Dee, Dozy, Beaky, Mick & Tich "The Legend of Xanadu" 20 March 1968 1
17%
144 Cliff Richard and the Shadows "The Next Time" / "Bachelor Boy" 3 January 1963 3
17%
210 Nancy Sinatra "These Boots Are Made for Walkin'" 17 February 1966 4
17%
350 Ray Stevens "The Streak" 15 June 1974 1
17%
211 The Walker Brothers "The Sun Ain't Gonna Shine Anymore" 17 March 1966 4
17%
327 Donny Osmond "The Twelfth of Never" 31 March 1973 1
17%
289 Elvis Presley "The Wonder of You" 1 August 1970 6
17%
25 Rosemary Clooney "This Ole House" 26 November 1954 1
17%
259 Mary Hopkin "Those Were the Days" 25 September 1968 6
17%
102 Eddie Cochran "Three Steps to Heaven" 23 June 1960 2
17%
425 Commodores "Three Times a Lady" 19 August 1978 5
17%
193 The Beatles "Ticket to Ride" 22 April 1965 3
17%
343 Mud "Tiger Feet" † 26 January 1974 4
17%
434 Bee Gees "Tragedy" 3 March 1979 2
17%
280 Rolf Harris "Two Little Boys" 14 December 1969 6
17%
280 Rolf Harris "Two Little Boys" 20 December 1969 6
17%
417 Althea & Donna "Uptown Top Ranking" 4 February 1978 1
17%
444 The Buggles "Video Killed the Radio Star" 20 October 1979 1
17%
282 Lee Marvin "Wand'rin' Star" 7 March 1970 3
17%
441 Cliff Richard "We Don't Talk Anymore" 25 August 1979 4
17%
93 Adam Faith "What Do You Want?" 4 December 1959 3[nb 8]
17%
94 Emile Ford and the Checkmates "What Do You Want to Make Those Eyes at Me For?" 18 December 1959 6[nb 8]
17%
94 Emile Ford and the Checkmates "What Do You Want to Make Those Eyes at Me For?" 18 December 1959 6
17%
401 Leo Sayer "When I Need You" 19 February 1977 3
17%
195 Jackie Trent "Where Are You Now" 20 May 1965 1
17%
71 Connie Francis "Who's Sorry Now" 16 May 1958 6
17%
260 Joe Cocker "With a Little Help from My Friends" 6 November 1968 1
17%
184 Georgie Fame and the Blue Flames "Yeh, Yeh" 14 January 1965 2
17%
222 The Beatles "Yellow Submarine" / "Eleanor Rigby" 18 August 1966 4
17%
414 Baccara "Yes Sir, I Can Boogie" 29 October 1977 1
17%
159 Gerry and the Pacemakers "You'll Never Walk Alone" 31 October 1963 4
17%
250 Gary Puckett and the Union Gap "Young Girl" 22 May 1968 4
17%
177 The Kinks "You Really Got Me" 10 September 1964 2
17%
361 Barry White "You're the First, the Last, My Everything" 7 December 1974 2
17%
186 The Righteous Brothers "You've Lost That Lovin' Feelin'" 4 February 1965 2
17%
342 The New Seekers "You Won't Find Another Fool Like Me" 19 January 1974 1
17%
85 Elvis Presley "A Fool Such as I" / "I Need Your Love Tonight" 15 May 1959 5
0%
223 Small Faces "All or Nothing" 15 September 1966 1
0%
235 The Beatles "All You Need Is Love" 19 July 1967 3
0%
448 Pink Floyd "Another Brick in the Wall (Part II)" 15 December 1979 5
0%
439 Tubeway Army "Are 'Friends' Electric?" 30 June 1979 4
0%
112 Elvis Presley "Are You Lonesome Tonight?" 26 January 1961 4
0%
81 Shirley Bassey "As I Love You" 20 February 1959 4
0%
51 Frankie Laine "A Woman in Love" 19 October 1956 4
0%
252 The Equals "Baby, Come Back" 3 July 1968 3
0%
181 The Supremes "Baby Love" 19 November 1964 2
0%
239 The Foundations "Baby Now That I've Found You" 8 November 1967 2
0%
276 Creedence Clearwater Revival "Bad Moon Rising" 14 September 1969 3
0%
265 The Move "Blackberry Way" 5 February 1969 1
0%
7 The Stargazers "Broken Wings" 10 April 1953 1
0%
376 The Stylistics "Can't Give You Anything (But My Love)" 16 August 1975 3
0%
133 Elvis Presley "Can't Help Falling in Love" / "Rock-A-Hula Baby" 22 February 1962 4
0%
402 The Manhattan Transfer "Chanson D'Amour" 12 March 1977 3
0%
31 Pérez Prado and his Orchestra "Cherry Pink (and Apple Blossom White)" 29 April 1955 2
0%
33 Eddie Calvert "Cherry Pink (and Apple Blossom White)" 27 May 1955 4
0%
245 Esther & Abi Ofarim "Cinderella Rockefella" 28 February 1968 3
0%
153 Frank Ifield "Confessin'" 18 July 1963 2
0%
306 Slade "Coz I Luv You" 13 November 1971 4
0%
57 Lonnie Donegan "Cumberland Gap" 12 April 1957 5
0%
145 The Shadows "Dance On!" 24 January 1963 1
0%
394 ABBA "Dancing Queen" 4 September 1976 6
0%
429 Rod Stewart "Da Ya Think I'm Sexy?" 2 December 1978 1
0%
207 The Beatles "Day Tripper" / "We Can Work It Out" 16 December 1965 5
0%
224 Jim Reeves "Distant Drums" 22 September 1966 5
0%
256 The Beach Boys "Do It Again" 28 August 1968 1
0%
5 Perry Como "Don't Let the Stars Get in Your Eyes" 6 February 1953 5
0%
168 The Searchers "Don't Throw Your Love Away" 7 May 1964 2
0%
158 Brian Poole and the Tremeloes "Do You Love Me" 10 October 1963 3
0%
100 Anthony Newley "Do You Mind?" 28 April 1960 1
0%
426 10cc "Dreadlock Holiday" 23 September 1978 1
0%
35 Alma Cogan "Dreamboat" 15 July 1955 2
0%
87 Bobby Darin "Dream Lover" 3 July 1959 4
0%
243 Love Affair "Everlasting Love" 31 January 1968 2
0%
418 Brotherhood of Man "Figaro" 11 February 1978 1
0%
151 The Beatles "From Me to You" 2 May 1963 7
0%
61 Lonnie Donegan "Gamblin' Man" / "Puttin' On the Style" 28 June 1957 2
0%
219 Georgie Fame and the Blue Flames "Get Away" 21 July 1966 1
0%
205 The Rolling Stones "Get Off of My Cloud" 4 November 1965 3
0%
30 Tennessee Ernie Ford "Give Me Your Word" 11 March 1955 7
0%
136 Elvis Presley "Good Luck Charm" 24 May 1962 5
0%
38 The Johnston Brothers "Hernando's Hideaway" 11 November 1955 2
0%
13 Frankie Laine "Hey Joe" 23 October 1953 2
0%
23 Don Cornell "Hold My Hand" 8 October 1954 4
0%
re Don Cornell "Hold My Hand" 19 November 1954 1
0%
202 The Rolling Stones "(I Can't Get No) Satisfaction" 9 September 1965 2
0%
138 Ray Charles "I Can't Stop Loving You" 12 July 1962 2
0%
308 The New Seekers "I'd Like to Teach the World to Sing (In Perfect Harmony)" 8 January 1972 4
0%
405 Rod Stewart "I Don't Want to Talk About It" / "The First Cut Is the Deepest" [nb 5] 21 May 1977 4
0%
266 Amen Corner "(If Paradise Is) Half as Nice" 12 February 1969 2
0%
396 Chicago "If You Leave Me Now" 13 November 1976 3
0%
201 Sonny & Cher "I Got You Babe" 26 August 1965 2
0%
152 Gerry and the Pacemakers "I Like It" 20 June 1963 4
0%
278 Bobbie Gentry "I'll Never Fall in Love Again" 12 October 1969 1
0%
188 The Seekers "I'll Never Find Another You" 25 February 1965 2
0%
386 Tina Charles "I Love to Love (But My Baby Loves to Dance)" 6 March 1976 3
0%
198 The Hollies "I'm Alive" 24 June 1965 1
0%
re The Hollies "I'm Alive" 8 July 1965 2
0%
10 Eddie Fisher with Sally Sweetland "I'm Walking Behind You" 26 June 1953 1
0%
288 Mungo Jerry "In the Summertime" † [nb 4] 13 June 1970 7
0%
253 Des O'Connor "I Pretend" 24 July 1968 1
0%
17 The Stargazers "I See the Moon" 12 March 1954 5
0%
re The Stargazers "I See the Moon" 23 April 1954 1
0%
269 Desmond Dekker and the Aces "Israelites" 16 April 1969 1
0%
76 Tommy Edwards "It's All in the Game" 7 November 1958 3
0%
43 The Dream Weavers "It's Almost Tomorrow" 16 March 1956 2
0%
re The Dream Weavers "It's Almost Tomorrow" 6 April 1956 1
0%
257 Bee Gees "I've Gotta Get a Message to You" 4 September 1968 1
0%
435 Gloria Gaynor "I Will Survive" 17 March 1979 4
0%
277 Jane Birkin and Serge Gainsbourg "Je t'aime... moi non plus" 5 October 1969 1
0%
169 The Four Pennies "Juliet" 21 May 1964 1
0%
251 The Rolling Stones "Jumpin' Jack Flash" 19 June 1968 2
0%
194 Roger Miller "King of the Road" 13 May 1965 1
0%
403 ABBA "Knowing Me, Knowing You" 2 April 1977 5
0%
247 The Beatles "Lady Madonna" 27 March 1968 2
0%
50 Anne Shelton "Lay Down Your Arms" 21 September 1956 4
0%
240 Long John Baldry "Let the Heartaches Begin" 22 November 1967 2
0%
182 The Rolling Stones "Little Red Rooster" 3 December 1964 1
0%
21 Kitty Kallen "Little Things Mean a Lot" 10 September 1954 1
0%
12 Guy Mitchell "Look at That Girl" 11 September 1953 6
0%
406 Kenny Rogers "Lucille" 18 June 1977 1
0%
203 The Walker Brothers "Make It Easy on Yourself" 23 September 1965 1
0%
366 Steve Harley & Cockney Rebel "Make Me Smile (Come Up and See Me)" 22 February 1975 2
0%
129 Elvis Presley "(Marie's the Name) His Latest Flame" / "Little Sister" 9 November 1961 4
0%
430 Boney M. "Mary's Boy Child – Oh My Lord" 9 December 1978 4
0%
238 Bee Gees "Massachusetts" 11 October 1967 4
0%
421 Brian and Michael "Matchstalk Men & Matchstalk Cats & Dogs" 8 April 1978 3
0%
443 The Police "Message in a Bottle" 29 September 1979 3
0%
199 The Byrds "Mr. Tambourine Man" 22 July 1965 2
0%
416 Wings "Mull of Kintyre" / "Girls' School" ‡ 3 December 1977 9
0%
422 Bee Gees "Night Fever" 29 April 1978 2
0%
389 J.J. Barrie "No Charge" 5 June 1976 1
0%
46 Ronnie Hilton "No Other Love" 4 May 1956 6
0%
263 Marmalade "Ob-La-Di, Ob-La-Da" 1 January 1969 1
0%
re Marmalade "Ob-La-Di, Ob-La-Da" 15 January 1969 2
0%
80 Elvis Presley "One Night" / "I Got Stung" 30 January 1959 3
0%
89 Craig Douglas "Only Sixteen" 11 September 1959 4
0%
117 Floyd Cramer "On the Rebound" 18 May 1961 1
0%
72 Vic Damone "On the Street Where You Live" 27 June 1958 2[nb 7]
0%
220 Chris Farlowe "Out of Time" 28 July 1966 1
0%
4 Eddie Fisher "Outside of Heaven" 30 January 1953 1
0%
104 Cliff Richard and the Shadows "Please Don't Tease" 28 July 1960 1
0%
re Cliff Richard and the Shadows "Please Don't Tease" 11 August 1960 2
0%
214 Manfred Mann "Pretty Flamingo" 5 May 1966 3
0%
230 Engelbert Humperdinck "Release Me" † 2 March 1967 6
0%
438 Anita Ward "Ring My Bell" 16 June 1979 2
0%
58 Guy Mitchell "Rock-a-Billy" 17 May 1957 1
0%
44 Kay Starr "Rock and Roll Waltz" 30 March 1956 1
0%
36 Slim Whitman "Rose Marie" † 29 July 1955 11
0%
236 Scott McKenzie "San Francisco (Be Sure to Wear Flowers in Your Hair)" 9 August 1967 4
0%
140 Elvis Presley "She's Not You" 13 September 1962 3
0%
6 Guy Mitchell "She Wears Red Feathers" 13 March 1953 4
0%
407 The Jacksons "Show You the Way to Go" 25 June 1977 1
0%
233 The Tremeloes "Silence Is Golden" 18 May 1967 3
0%
333 Slade "Skweeze Me, Pleeze Me" 30 June 1973 3
0%
82 The Platters "Smoke Gets in Your Eyes" 20 March 1959 1
0%
212 The Spencer Davis Group "Somebody Help Me" 14 April 1966 2
0%
273 Thunderclap Newman "Something in the Air" 2 July 1969 3
0%
408 Hot Chocolate "So You Win Again" 2 July 1977 3
0%
95 Michael Holliday "Starry Eyed" 29 January 1960 1
0%
32 Tony Bennett "Stranger in Paradise" 13 May 1955 2
0%
75 Connie Francis "Stupid Cupid" / "Carolina Moon" 26 September 1958 6
0%
19 Johnnie Ray "Such a Night" 30 April 1954 1
0%
427 John Travolta and Olivia Newton-John "Summer Nights" 30 September 1978 7
0%
437 Blondie "Sunday Girl" 26 May 1979 3
0%
119 Elvis Presley "Surrender" 1 June 1961 4
0%
155 The Searchers "Sweets for My Sweet" 8 August 1963 2
0%
419 ABBA "Take a Chance on Me" 18 February 1978 3
0%
121 The Everly Brothers "Temptation" 20 July 1961 2
0%
242 Georgie Fame "The Ballad of Bonnie and Clyde" 24 January 1968 1
0%
79 Jane Morgan "The Day the Rains Came" 23 January 1959 1
0%
27 Dickie Valentine with the Stargazers "The Finger of Suspicion" 7 January 1955 1
0%
re Dickie Valentine with the Stargazers "The Finger of Suspicion" 21 January 1955 2
0%
261 Hugo Montenegro "The Good, the Bad and the Ugly" 13 November 1968 4
0%
237 Engelbert Humperdinck "The Last Waltz" 6 September 1967 5
0%
37 Jimmy Young "The Man from Laramie" 14 October 1955 4
0%
192 Cliff Richard "The Minute You're Gone" 15 April 1965 1
0%
415 ABBA "The Name of the Game" 5 November 1977 4
0%
45 Winifred Atwell "The Poor People of Paris" 13 April 1956 3
0%
180 Sandie Shaw "(There's) Always Something There to Remind Me" 22 October 1964 3
0%
392 Demis Roussos The Roussos Phenomenon (EP) 17 July 1976 1
0%
11 Mantovani "The Song from Moulin Rouge" 14 August 1953 1
0%
68 Michael Holliday "The Story of My Life" 14 February 1958 2
0%
147 Frank Ifield "The Wayward Wind" 21 February 1963 3
0%
229 Petula Clark "This Is My Song" 16 February 1967 2
0%
22 Frank Sinatra "Three Coins in the Fountain" 17 September 1954 3
0%
329 Tony Orlando and Dawn "Tie a Yellow Ribbon Round the Ole Oak Tree" † 21 April 1973 4
0%
187 The Kinks "Tired of Waiting for You" 18 February 1965 1
0%
130 Frankie Vaughan "Tower of Strength" 7 December 1961 3
0%
92 Cliff Richard and the Shadows "Travellin' Light" 30 October 1959 5
0%
34 Jimmy Young "Unchained Melody" 24 June 1955 3
0%
397 Showaddywaddy "Under the Moon of Love" 4 December 1976 3
0%
293 The Jimi Hendrix Experience "Voodoo Child (Slight Return)" 21 November 1970 1
0%
128 Helen Shapiro "Walkin' Back to Happiness" 19 October 1961 3
0%
447 The Police "Walking on the Moon" 8 December 1979 1
0%
412 Elvis Presley "Way Down" 3 September 1977 5
0%
122 Eden Kane "Well I Ask You" 3 August 1961 1
0%
49 Doris Day "Whatever Will Be, Will Be (Que Sera, Sera)" 10 August 1956 6
0%
398 Johnny Mathis "When a Child Is Born (Soleado)" 25 December 1976 3
0%
446 Dr. Hook "When You're in Love with a Beautiful Woman" 17 November 1979 3
0%
70 Marvin Rainwater "Whole Lotta Woman" 25 April 1958 3
0%
48 The Teenagers featuring Frankie Lymon "Why Do Fools Fall in Love" 20 July 1956 3
0%
221 The Troggs "With a Girl Like You" 4 August 1966 2
0%
420 Kate Bush "Wuthering Heights" 11 March 1978 4
0%
60 Johnnie Ray "Yes Tonight Josephine" 7 June 1957 3
0%
2 Jo Stafford "You Belong to Me" 16 January 1953 1
0%
213 Dusty Springfield "You Don't Have to Say You Love Me" 28 April 1966 1
0%
123 Helen Shapiro "You Don't Know" 10 August 1961 3
0%
118 The Temperance Seven "You're Driving Me Crazy" 25 May 1961 1
0%
154 Elvis Presley "(You're the) Devil in Disguise" 1 August 1963 1
0%
424 John Travolta and Olivia Newton-John "You're the One That I Want" 17 June 1978 9
0%
391 The Real Thing "You to Me Are Everything" 26 June 1976 3
0%
No matching quizzes found
Score Distribution
Percent of People with Each Score
Percentile by Number Answered
Your Score History
You have not taken this quiz